00405nam a2200133Ia 4500008004100000041000800041082001500049100001700064245008700081260003300168300000800201365001600209700004600225230718s9999 xx 000 0 und d aeng a153.3bWHI aWhitworth L. aCo-Active CoachingbNew Skills For Coaching People Toward Success In Work And Life c2004bJaico Publishing House a265 cRs.b295.00 aWhitworth L., Kimseyhouse-H. & Sandahl P.